|
|
|
|
| LEADER |
01154nam a2200265 a 4500 |
| 001 |
00026204 |
| 008 |
121113s2011 bg w 000 0 mul d |
| 999 |
|
|
|c 12952
|d 12952
|
| 040 |
|
|
|a BD-DhAAL
|c BD-DhAAL
|
| 082 |
0 |
0 |
|a 348.5492046
|2 22
|
| 130 |
0 |
|
|a Bangladesh Legal Decisions
|9 4020
|
| 245 |
0 |
0 |
|a Bangladesh legal decisions,
|n volume no. 31/
|c editor Sheikh Muhammed Serajul Islam.
|
| 246 |
1 |
7 |
|a Bangladesh Legal Decisions.
|
| 246 |
0 |
|
|a BLD
|
| 260 |
|
|
|a Dhaka :
|b Bangladesh Bar Council,
|c 2011
|
| 300 |
|
|
|a Various pagings, :
|c 24 cm.
|
| 362 |
0 |
|
|a volume xxxii.
|
| 541 |
|
|
|e 26204
|
| 590 |
|
|
|a Published yearly.
|
| 650 |
|
0 |
|a Law reports, digests, etc.
|z Bangladesh.
|9 4021
|
| 700 |
1 |
|
|a Serajul Islam Sheikh Muhammed
|9 4022
|
| 852 |
4 |
|
|a Ayesha Abed Library
|j General shelf
|
| 942 |
|
|
|2 ddc
|c 1HOUR
|
| 952 |
|
|
|0 0
|1 0
|2 ddc
|4 0
|6 348_549204600000000_BAN
|7 0
|8 REF
|9 21402
|a BRACUL
|b BRACUL
|c REF
|d 2012-11-13
|g 756.00
|l 5
|o 348.5492046 BAN
|p 3010026204
|r 2016-06-30
|s 2016-06-30
|t 1
|w 2012-11-13
|y 1HOUR
|
| 952 |
|
|
|0 0
|1 0
|2 ddc
|4 0
|6 348_549204600000000_BAN
|7 0
|8 REF
|9 21403
|a BRACUL
|b BRACUL
|c CIR
|d 2012-11-13
|l 1
|o 348.5492046 BAN
|p 3010026205
|r 2013-08-03
|s 2013-08-03
|t 2
|w 2012-11-13
|y 1HOUR
|